Le Pere Goriot (Record no. 112475)

MARC details
000 -LEADER
fixed length control field 00380nam a2200157Ia 4500
008 - FIXED-LENGTH DATA ELEMENTS--GENERAL INFORMATION
fixed length control field 230917s9999||||xx |||||||||||||| ||und||
020 ## - ISBN
Price RS278
040 ## - CATALOGING SOURCE
-- 34093
Original cataloging agency VIVEKANANDA LIBRARY
041 ## - Language
-- English
082 ## - DDC NUMBER
Classification number 843.7 B219P
100 ## - MAIN ENTRY--PERSONAL NAME
Personal name Balzac, Honore de
245 #0 - TITLE STATEMENT
Title Le Pere Goriot
260 ## - PUBLICATION, DISTRIBUTION, ETC. (IMPRINT)
Place of publication, distribution, etc Oxford
Name of publisher, distributor, etc Oxford University Press
Date of publication, distribution, etc 1999
300 ## - PHYSICAL DESCRIPTION
Pages xviii, 274 p.
942 ## - ADDED ENTRY ELEMENTS (KOHA)
Koha item type Books
Holdings
Withdrawn status Lost status Damaged status Not for loan Location (home branch) Sublocation or collection (holding branch) Date acquired Koha issues (times borrowed) Koha full call number Accession No. Koha date last seen Koha item type
        VIVEKANANDA LIBRARY VIVEKANANDA LIBRARY 28/08/2002   843.7 B219P 200874 17/09/2023 Books
© Designed and Maintained by Vivekananda Library, MDU Rohtak